| Tag |
First Indicator |
Second Indicator |
Subfields |
| LEADER |
00000cam a2200000 a 4500 |
| 001 |
in00000008088 |
| 005 |
20151002070133.0 |
| 008 |
870129s1987 cou b 00100 eng |
| 010 |
|
|
|a 87002160
|
| 020 |
|
|
|a 0813374014 (pbk. : alk. paper) :
|c $23.50
|
| 035 |
|
|
|a (OCoLC)15198228
|
| 035 |
|
|
|9 AAA0443AM
|
| 040 |
|
|
|a DLC
|c DLC
|d TXA
|d UtOrBLW
|
| 043 |
|
|
|a s-bl---
|
| 050 |
0 |
0 |
|a HC187
|b .S78 1987
|
| 082 |
0 |
|
|a 981/.063
|2 19
|
| 245 |
0 |
0 |
|a State and society in Brazil :
|b continuity and change /
|c edited by John D. Wirth, Edson de Oliveira Nunes, and Thomas E. Bogenschild.
|
| 264 |
|
1 |
|a Boulder :
|b Westview Press,
|c 1987.
|
| 300 |
|
|
|a x, 349 pages ;
|c 23 cm.
|
| 336 |
|
|
|a text
|b txt
|2 rdacontent
|
| 337 |
|
|
|a unmediated
|b n
|2 rdamedia
|
| 338 |
|
|
|a volume
|b nc
|2 rdacarrier
|
| 490 |
1 |
|
|a Westview special studies on Latin America and the Caribbean
|
| 504 |
|
|
|a Includes bibliographies and index.
|
| 505 |
0 |
|
|a Industrialization, economic growth, and balance of payments / Regis Bonelli and Pedro S. Malan -- Industrialization and economic growth / Regis Bonelli and Pedro S. Malan -- Industrialization, employment, and stratification in Brazil / Carlos A. Halsenbalg and Nelson do Valle Silva -- Dilemmas of state-led modernization in Brazil / Edson de Oliveira Nunes and Barbara Geddes -- Novo sindicalismo and politics in Brazil / Maria Hermínia Tavares de Almeida -- Social movements and the new political order in Brazil / Renato R. Boschi -- Framing the state / Ben Ross Schneider -- Brazil's role in new world regions / John D. Wirth -- The quest for citizenship in a relational universe / Roberto da Matta.
|
| 651 |
|
0 |
|a Brazil
|x Economic conditions
|y 1945-
|
| 651 |
|
0 |
|a Brazil
|x Economic policy.
|
| 651 |
|
0 |
|a Brazil
|x Politics and government
|y 1985-2002.
|
| 650 |
|
0 |
|a Political parties
|z Brazil.
|
| 650 |
|
0 |
|a Labor unions
|z Brazil.
|
| 651 |
|
0 |
|a Brazil
|x Foreign relations.
|
| 700 |
1 |
|
|a Wirth, John D.
|
| 700 |
1 |
|
|a Nunes, Edson de Oliveira.
|
| 700 |
1 |
|
|a Bogenschild, Thomas E.
|
| 830 |
|
0 |
|a Westview special studies on Latin America and the Caribbean.
|
| 999 |
|
|
|a MARS
|
| 999 |
f |
f |
|s bf2ecb31-7fb4-3c53-b0a5-394419fbf645
|i 84b7d7d4-328a-3adb-9d7f-e48854fda53c
|t 0
|
| 952 |
f |
f |
|p ric
|a Texas A&M University
|b Rellis Campus
|c Joint Library Facility
|d Remote Storage
|t 0
|e HC187 .S78 1987
|h Library of Congress classification
|i unmediated -- volume
|m A14812563566
|
| 998 |
f |
f |
|a HC187 .S78 1987
|t 0
|l Remote Storage
|